000 00299nam a2200133Ia 4500
100 _aBrooks/ C.J.
942 _cBK
654 _aComputer
245 _aIBM PC Peripheral trouble shooting & repair
260 _bHoward W. Sams + Co
_aUSA
_c1987
082 _a4.16
546 _aENGLISH
999 _c22424
_d22424